000 00284nam a22001337a 4500
020 _a81-7826-018-2
082 _a001
_bROH/W
245 _aEDWARD JENNER
250 _aFIRST
260 _aDELHI
_bROHAN BOOK
_c2004
300 _a24
650 _aABOUT EDWARD JENNER
_zDELHI
942 _cBK
999 _c6742
_d6742